Amor y opresión en los andes coloniales

Збережено в:
Бібліографічні деталі
Автор: Lavallé, Bernard (Автор)
Формат: Книга
Мова:Іспанська
Опубліковано: Lima IEP Ediciones 1999
Редагування:1a. ed
Серія:Estudios Históricos, 26
Предмети:
Теги: Додати тег
Немає тегів, Будьте першим, хто поставить тег для цього запису!

MARC

LEADER 00000nam a2200000 a 4500
001 UCI4080
003 CL-VaPUC
008 071221e19990000PE |||||||||||||||||spa|d
020 |a 9972510344 
082 0 4 |a 980.01  |b LAV  |2 21 
100 |a Lavallé, Bernard  |e author  |9 592128 
245 1 0 |a Amor y opresión en los andes coloniales 
250 |a 1a. ed 
300 |a 354 p 
942 |c BK 
945 |d 20071221 00:00:00  |a rbrito 
260 |a Lima  |b IEP Ediciones  |c 1999 
650 0 |a Familias   |9 255641 
650 0 |a Mestizaje  |9 314827 
650 7 |a NEGROS  |2 CL-VaPUC  |9 340345 
650 0 |a Esclavitud  |9 323605 
650 7 |a SIGLOS 17-18  |2 CL-VaPUC  |9 375763 
650 7 |a HISTORIA DE EQUADOR  |2 CL-VaPUC  |9 525728 
650 0 |a Historia de Perú  |9 316239 
651 7 |a EQUADOR  |2 CL-VaPUC  |9 525730 
651 0 |a Perú  |9 256567 
583 |a last modification  |c 20071221 00:00:00  |k Rodrigo Vera 
490 0 |a Estudios Históricos, 26 
999 |c 328075  |d 328073 
952 |0 0  |1 0  |4 0  |6 980_010000000000000_LAV_1999  |7 0  |8 A  |9 411805  |a BIBHIS  |b BIBHIS  |d 2019-11-22  |i 4397983  |l 4  |o 980.01 LAV 1999  |p 4397983  |r 2025-01-20  |s 2023-06-30  |w 2019-11-22  |y BK  |k HIS